LEADER 01027nam0-2200301---450- 001 990009389190403321 005 20110907122352.0 035 $a000938919 035 $aFED01000938919 035 $a(Aleph)000938919FED01 035 $a000938919 100 $a20110630d1967----km-y0itay50------ba 101 0 $afre 102 $aFR 105 $ay---e---001yy 200 1 $aDictionnaire de pharmacologie clinique a l'usage du medecin, du pharmacien et de l'etudiant$eAvec repertoire de specialites francaises et internationales$fpar V. Fattorusso, O. Ritter 210 $aParis$cMasson$d1967 215 $a829 p.$d20 cm 610 0 $aFarmacologia$aEnciclopedie e dizionari 700 1$aFattorusso,$bVittorio$0314272 701 1$aRitter,$bOtto$0314273 801 0$aIT$bUNINA$gRICA$2UNIMARC 901 $aBK 912 $a990009389190403321 952 $aI Diz 27$b4515$fDMVSF 959 $aDMVSF 996 $aDictionnaire de pharmacologie clinique a l'usage du medecin, du pharmacien et de l'etudiant$9764176 997 $aUNINA LEADER 01369nam a22003011i 4500 001 991002106659707536 005 20040126093646.0 008 040407s1982 it a||||||||||||||||ita 035 $ab12871631-39ule_inst 035 $aARCHE-085125$9ExL 040 $aDip.to Scienze Storiche$bita$cA.t.i. Arché s.c.r.l. Pandora Sicilia s.r.l. 082 04$a025.7 245 00$aConservare per conoscere :$bmostra di restauri documentari e legature eseguiti presso il Laboratorio di restauro dell'Archivio di Stato di Asti : Asti, dicembre 1982 /$ca cura di Giovanni Grillone 260 $a[Roma] :$bMinistero per i beni culturali e ambientali, Ufficio centrale per i beni archivistici,$c1982 300 $a63 p. :$bill. ;$c17x24 cm 500 $aCatalogo 500 $aIn testa al front.: Archivio di Stato di Asti 650 4$aLibri$xRestauro$xEsposizioni$y1982 650 4$aRilegature$xRestauro$xEsposizioni$y1982 700 1 $aGrillone, Giovanni 710 2 $aArchivio di Stato 710 1 $aItalia :$bUfficio centrale per i beni archivistici 907 $a.b12871631$b02-04-14$c16-04-04 912 $a991002106659707536 945 $aLE009 ARTE 710-37$g1$i2009000325258$lle009$o-$pE0.00$q-$rl$s- $t0$u0$v0$w0$x0$y.i1343259x$z16-04-04 996 $aConservare per conoscere$9300652 997 $aUNISALENTO 998 $ale009$b16-04-04$cm$da $e-$fita$git $h0$i1